Preparation and evaluation of solid low protein natural rubber-Phase I (Record no. 65549)

MARC details
000 -LEADER
fixed length control field 00589nam a2200205Ia 4500
100 ## - MAIN ENTRY--AUTHOR NAME
Personal name Jacob M.K
245 #0 - TITLE STATEMENT
Title Preparation and evaluation of solid low protein natural rubber-Phase I
260 ## - PUBLICATION, DISTRIBUTION, ETC. (IMPRINT)
Name of publisher Rubber Science
Year of publication 2019
300 ## - PHYSICAL DESCRIPTION
Number of Pages 294-308
650 ## - SUBJECT ADDED ENTRY--TOPICAL TERM
Topical Term Deproteinization
650 ## - SUBJECT ADDED ENTRY--TOPICAL TERM
Topical Term Enzymatic deproteinization
650 ## - SUBJECT ADDED ENTRY--TOPICAL TERM
Topical Term Low protein natural rubber
650 ## - SUBJECT ADDED ENTRY--TOPICAL TERM
Topical Term Solid deproteinized natural rubber
700 ## - ADDED ENTRY--PERSONAL NAME
Personal name Joseph J
700 ## - ADDED ENTRY--PERSONAL NAME
Personal name Krishnapriya V.U
700 ## - ADDED ENTRY--PERSONAL NAME
Personal name Sadeesh Babu P.S
700 ## - ADDED ENTRY--PERSONAL NAME
Personal name Varkey J.K
942 ## - ADDED ENTRY ELEMENTS (KOHA)
Koha item type Journals
Holdings
Withdrawn status Lost status Damaged status Not for loan Home library Current library Shelving location Date acquired Serial Enumeration / chronology Koha item type
      Journals RRII Library RRII Library Rubber technology 17/12/2021 Volume 32, Issue 3 Journals